| 000 | 00482nam a2200157Ia 4500 | ||
|---|---|---|---|
| 008 | 160316s2003 xxu||||| |||| 00| 0 eng d | ||
| 082 |
_a378.000000 _bPAN-2 |
||
| 100 | _aPani Amrendra | ||
| 245 | _aGlobalization of Indian higher education | ||
| 250 | _a | ||
| 260 |
_aNew Delhi _bAssociation of Indian Universities _c2003 |
||
| 300 |
_a130p _b _cvii |
||
| 365 | _b Rs.160 | ||
| 650 | _a1. Higher Education - Globalization 2. Higher Education - Internationalization | ||
| 700 |
_a _a |
||
| 999 |
_c23541 _d23541 |
||